000 00345nam a2200133Ia 4500
008 191201s2011 xx 000 0 und d
100 _aGROOVER,Mikell P
245 0 _aIndustrial Robotics Technology, Programming, and Applications
250 _aRep
260 _aN. Delhi
_bTMH
_c2011
300 _a546
650 _aM.Tech (ME)
942 _2ddc
_cBK
999 _c5042
_d5042